000 01462cam a2200133 4500500
005 20251214004048.0
041 _afre
042 _adc
100 1 0 _aCalvet, Robert
_eauthor
245 0 0 _aRévoltes et révolutions en Europe et aux Amériques : 1773-1802
260 _bArmand Colin,
_c2004.
520 _aTraiter des révoltes et des révolutions de la fin du 18e siècle, tant en Europe que dans les Amériques, implique de s’intéresser à des espaces nombreux et disparates, des pays ayant déjà connu une certaine modernité, des sociétés bloquées, des espaces coloniaux marqués par la mainmise de la métropole. D’où des réalités très variées et des revendications très diverses.Compte tenu de cette diversité, une première approche selon plusieurs ensembles géographiques plus ou moins vastes sera nécessaire afin d’aborder chaque cas dans ses particularités, avant d’entamer une seconde réflexion, plus thématique et comparative, entre chaque cas national et les différents groupes sociaux impliqués. Robert Calvet est docteur en histoire et professeur certifié. Sa thèse portait sur l’historiographie comparée de la Révolution française. Il a publié aux éditions Armand Colin dans la collection « Civilisations », Les Japonais (2003) et Les Américains (2004).
856 4 1 _uhttps://shs.cairn.info/revoltes-et-revolutions-en-europe-et-aux-ameriques--9782200268565?lang=fr&redirect-ssocas=7080
999 _c1568180
_d1568180